| 000 | 00751nam a2200217 4500 | ||
|---|---|---|---|
| 001 | 110116 | ||
| 003 | ES-MaACL | ||
| 005 | 20230906184958.0 | ||
| 007 | t| | ||
| 008 | 061121s1967 sp r ||||1| spa d | ||
| 100 | 1 |
_aOraison, Marc. _987144 |
|
| 245 | 1 | 3 |
_aLa unión de los esposos _b: psicología, biología, teología / _cMarc Oraison ; [traducción por Pedro Meseguer, S. J. ]. |
| 250 | _a2ª ed. actualizada. | ||
| 260 |
_aMadrid : _bRazón y Fé, _c1967. |
||
| 300 |
_a214 p. ; _c21 cm. |
||
| 490 | 1 |
_aColección psicología, medicina, pastoral ; _vXVII |
|
| 700 | 1 |
_aMeseguer, Pedro. _980656 |
|
| 830 | 0 |
_aColección psicología, medicina, pastoral ; _vXVII _9185610 |
|
| 852 |
_aES-MaACL _jC-33999 _bR.64992 |
||
| 999 |
_c110116 _d110116 |
||